opac header image

Study of synthetic electric and magnetic fields in third order nonlinear optical process (Record no. 36862)

MARC details
000 -LEADER
fixed length control field 00747nam a22002297a 4500
003 - CONTROL NUMBER IDENTIFIER
control field NISER
005 - DATE AND TIME OF LATEST TRANSACTION
control field 20260426164046.0
008 - FIXED-LENGTH DATA ELEMENTS--GENERAL INFORMATION
fixed length control field 260424b |||||||| |||| 00| 0 hin d
040 ## - CATALOGING SOURCE
Original cataloging agency NISER LIBRARY
Language of cataloging eng
Transcribing agency NISER LIBRARY
082 04 - DEWEY DECIMAL CLASSIFICATION NUMBER
Classification number 535
Item number NAN-S
100 1# - MAIN ENTRY--PERSONAL NAME
Personal name Nandi, Soumik
245 10 - TITLE STATEMENT
Title Study of synthetic electric and magnetic fields in third order nonlinear optical process
260 ## - PUBLICATION, DISTRIBUTION, ETC. (IMPRINT)
Place of publication, distribution, etc. Bhubaneswar :
Name of publisher, distributor, etc. NISER,
Date of publication, distribution, etc. 2025.
300 ## - PHYSICAL DESCRIPTION
Extent vii, 100 pages :
Other physical details illustrations ;
Dimensions 30 cm.
650 #0 - SUBJECT ADDED ENTRY--TOPICAL TERM
Topical term or geographic name as entry element Geometric optics
650 #0 - SUBJECT ADDED ENTRY--TOPICAL TERM
Topical term or geographic name as entry element Nonlinear optics
650 #0 - SUBJECT ADDED ENTRY--TOPICAL TERM
Topical term or geographic name as entry element Electric fields
650 #0 - SUBJECT ADDED ENTRY--TOPICAL TERM
Topical term or geographic name as entry element Photonics
General subdivision Quantum effects
700 1# - ADDED ENTRY--PERSONAL NAME
Personal name Mohapatra, Ashok
Relator term Guide
856 ## - ELECTRONIC LOCATION AND ACCESS
Uniform Resource Identifier <a href="https://idr.niser.ac.in/jspui/handle/123456789/1509">https://idr.niser.ac.in/jspui/handle/123456789/1509</a>
942 ## - ADDED ENTRY ELEMENTS (KOHA)
Source of classification or shelving scheme Universal Decimal Classification
Koha item type Theses (Ph.D)
Holdings
Withdrawn status Lost status Source of classification or shelving scheme Damaged status Not for loan Home library Current library Date acquired Total Checkouts Full call number Barcode Date last seen Price effective from Koha item type
    Universal Decimal Classification     NISER LIBRARY NISER LIBRARY 24/04/2026   535 NAN-S T1032 24/04/2026 24/04/2026 Theses (Ph.D)